S. S. Švarc EKOLOGIČESKIJE ZAKONOMERNOSTI EVOLJUCII

Bibliographic Details
Main Author: Šmídt, Ivan (Author)
Format: Article
Language:Slovak

MARC

LEADER 00000nab a2200000uu 4500
001 vtls010913677
003 SK-MaSNL
005 20260303150508.0
008 230222|1980 xo |||||||||||||||||slo|
015 |a SNBRB 
035 |a (urnnbn)urn:nbn:sk:snk:ar-a09aep 
035 |a (uuid)48e671a4-5732-4a53-bc95-2fefd53373c3 
035 |a urn:nbn:sk:snk-ab92dc 
040 |a SNKBUCL  |b slo  |c SNKBUCL  |e AACR2 
041 0 |a slo 
044 |a xo  |c SK 
100 1 |a Šmídt, Ivan  |4 aut  |9 270699 
245 1 0 |a S. S. Švarc EKOLOGIČESKIJE ZAKONOMERNOSTI EVOLJUCII  |c Ivan Šmídt 
246 3 |a (Ekologioké zákonitosti evolúcie) 
773 0 |t Rádioaktivita a životné prostredie  |g Č. 6 (1980), s. 490-491 
954 |a odborná, vedecká literatúra pôvodná (slovenská)  |2 lita 
958 |a OND 
958 |a EUIPO 
958 |a article10 
999 |c 2011102  |d 2013032